000 00292nam a22001337a 4500
008 171023b xxu||||| |||| 00| 0 eng d
020 _a9780131367739
041 _aeng
080 _a338
100 _a54
101 _aMO
245 _aUSING ECONOMETRICS
_cSTUDENMUND, A.H
942 _2udc
_cBK
999 _c35538
_d35538